000 nam a22 a 4500
999 _c2404
_d2404
005 20170516120533.0
008 170516b1982 -us||||| |||| 00| 0 eng d
020 _a0879011734
040 _aAKMAL
082 0 4 _a512 MUN
090 _a512
_bMUN
100 _amunem, A.Mustafa
_94999
245 _aStudy Guide to accompany
_bCollege Algebra with Applications
260 _aNew York
_bWorth Publishers, Inc
_c1982
300 _a366p
_c29cm
700 1 _aDavid J.Foulis
_95000
942 _2ddc
_cBOOK